| 000 | 00443nam a2200193Ia 4500 | ||
|---|---|---|---|
| 008 | 170918s9999 xx 000 0 und d | ||
| 020 | _a9780516271781 | ||
| 050 | _bM392 2001 | ||
| 100 | _aMarx, David F. | ||
| 245 | _aPassover / | ||
| 245 | _cby David F. Marx. | ||
| 260 | _aNew York : | ||
| 260 | _bChildren's Press, | ||
| 260 | _c2001 | ||
| 300 | _a31 pages : | ||
| 300 | _bchiefly colored ; | ||
| 300 | _c17cm. | ||
| 500 | _a440 | ||
| 999 |
_c343098 _d343098 |
||